| 000 | 00688cam a2200277 4500 | ||
|---|---|---|---|
| 008 | 090401t1993 xxu||||| |||| 00| 0 eng d | ||
| 020 | _a0952162504 | ||
| 035 | _a(Sirsi) u2225 | ||
| 041 | _aeng | ||
| 050 | _a388.12 | ||
| 100 | _aBarsby, Andrew W. | ||
| 245 | _aPrivate roads: the legal framework. | ||
| 260 |
_aEpsom, Surrey _bThe authors _c1993 |
||
| 300 | _a102p. ; 30cm. | ||
| 350 | _a25 | ||
| 650 | _aLAW | ||
| 650 | _aLIABILITY | ||
| 650 | _aPARKING | ||
| 650 | _aPRIVATE RIGHTS OF WAY | ||
| 650 | _aPRIVATE ROADS | ||
| 650 | _aRIGHTS OF WAY | ||
| 690 | _aHIGHWAYS RIGHTS OF WAY AND EASEMENTS | ||
| 700 | _aBarsby, Clare | ||
| 942 | _n0 | ||
| 948 | _c04/03/1997 | ||
| 999 |
_c85741 _d85741 |
||